| 000 | 01488nam a2200253Ia 4500 | ||
|---|---|---|---|
| 003 | Ost | ||
| 005 | 20260507074952.0 | ||
| 008 | 260507s9999||||xx |||||||||||||| ||und|| | ||
| 020 | _a9771716778 | ||
| 040 | _cfsecg | ||
| 041 | _aara | ||
| 082 | _a332.64 | ||
| 100 |
_aالمهيلمي، عبد المجيد _eمؤلف |
||
| 245 | 0 |
_aأداة النجاح في البورصة : _bالتحليل الفني للأسواق المالية / _c عبد المجيد المهيلمي |
|
| 250 | _aطبعة 4 | ||
| 260 |
_aالقاهرة: _bالبلاغ للطباعة والنشر والتوزيع, _c2006 |
||
| 300 |
_a323 صفحة؛ _bإيضاحات ؛ _c24 سم |
||
| 504 | _aببليوغرافيا:ص.315-318 الرسوم البيانية:ص.320-321 | ||
| 520 | _aالاستثمار،التعامل في البورصة مضاربة أم مقامرة،تعريف التحليل الفني،أنواع الرسوم البيانية،اتجاهات الأسعار الثلاثة،الدعم و المقاومة،أدوات تحليلية متنوعة،الأنماط السعرية،المتوسطات المتحركة،المذبذبات،نظريات وتحليلات متقدمة،الشموع اليابانية،إدارة الأموال ووقف الخسارة،قاموس مصطلحات التحليل الفني الإنجليزية | ||
| 653 | _aالأسهم | ||
| 653 | _aالبورصة | ||
| 700 |
_aالببلاوي، حازم _eمؤلف ثانوي |
||
| 942 | _cكتاب | ||
| 999 |
_c42004 _d42004 |
||